00470 a2200169 450000100060000002000180000604000220002410000240004624000270007024500220009730000080011936200090012765000310013694200070016795201090017499900170028368440 a9781337624787 cAnchieta - Pituba aStannett, Katherine10aImpact foundationleng10aImpact foundation a1910 a2018 4aInglês e inglês antigo cBK 00104070a91.1b91.1d2023-11-21l0o420 S787i STA IMPp24084/PITr2023-11-21 18:36:29w2023-11-21yBK c68440d68440